00345nam a22001337a 4500020001800000040000900018082001400027100002300041110003500064245002700099250001600126260004200142650002700184 a9788126511167 cNUST a006.4 DUD aDuda, Richard. O,  aHart, Peter. E. Stork, David.G aPattern Classification a2nd Edition aNew Delhi:bJohn Wiley & Sons,c2014. aPattern Classification